| 000 | 00547nam a2200157 a 4500 | ||
|---|---|---|---|
| 008 | 120416s1965 ||||||||||||||||| || u | ||
| 050 | _aHB 871 Tho | ||
| 100 | _aThompson, Warren Simpson | ||
| 245 | 1 | 0 | _aPopulation problems |
| 250 | _a5th ed. | ||
| 260 |
_aNew York _bMcGraw-Hill _c1965 |
||
| 300 | _axiv, 593p. : ill. | ||
| 350 | _a0.00 | ||
| 650 | _aPOPULATION--ENVIRONMENTAL ASPECTS | ||
| 995 |
_D0.00 _FCBU-MAIN LIBRARY (Kitwe) _H1 _I10.25 _M1 _UAVAILABLE _ZMain Library Open Access Collection |
||
| 999 |
_c54029 _d54029 |
||